MARC-Details
| 000 -Satzkennung |
| Kontrollfeld mit fester Länge |
03672nam a22003973i 4500 |
| 001 - Kontrollnummer |
| Kontrollfeld |
EBC30703401 |
| 003 - Kontrollnummer Identifier |
| Kontrollfeld |
MiAaPQ |
| 005 - Datum und Zeit der letzten Transaktion |
| Kontrollfeld |
20231009180513.0 |
| 007 - Feld mit fester Länge zur physischen Beschreibung - Allgemeine Information |
| Kontrollfeld mit fester Länge |
cr cnu|||||||| |
| 008 - Feld mit fester Länge zur physischen Beschreibung - Allgemeine Angaben |
| Kontrollfeld mit fester Länge |
231009s2023 xx o ||||0 eng d |
| 020 ## - Internationale Standardbuchnummer |
| Internationale Standardbuchnummer |
9798887192529 |
| Nähere Angaben |
(electronic bk.) |
| 040 ## - Katalogisierungsquelle |
| Original-Katalogisierungsstelle |
MiAaPQ |
| Katalogisierungssprache |
eng |
| Übertragungsstelle |
MiAaPQ |
| 245 10 - Titel |
| Titel |
Queer(ing) Russian Art : |
| Zusatz zum Titel |
Realism, Revolution, Performance |
| Verfasserangabe etc. |
edited by Brian James Baer ; Yevgeniy Fiks |
| 250 ## - Ausgabebezeichnung |
| Ausgabebezeichnung |
1st ed. |
| 264 #1 - Produktion, Veröffentlichung, Distribution, Herstellung und Urheberrechtsvermerk |
| Herstellungs-, Veröffentlichungs- Vertriebs-, Erzeugungsort |
Brighton : |
| Produzent, Herausgeber, Distributor, Hersteller |
Academic Studies Press, |
| Datum der Herstellung, der Veröffentlichung, des Vertriebs oder des Urheberschutzvermerks |
2023. |
| 264 #4 - Produktion, Veröffentlichung, Distribution, Herstellung und Urheberrechtsvermerk |
| Datum der Herstellung, der Veröffentlichung, des Vertriebs oder des Urheberschutzvermerks |
©2023. |
| 300 ## - Physische Beschreibung |
| Umfang |
1 online resource (504 pages) |
| 336 ## - Inhaltstyp |
| Inhaltstypterm |
Text |
| Inhaltstypcode |
txt |
| Quelle |
rdacontent |
| 337 ## - Medientyp |
| Bezeichnung des Medientyps |
Computermedien |
| Medientypcode |
c |
| Quelle |
rdamedia |
| 338 ## - Datenträgertyp |
| Datenträgertypbezeichnung |
Online Resource |
| Datenträgertypcode |
cr |
| Quelle |
rdacarrier |
| 500 ## - Allgemeine Fußnote |
| Allgemeine Fußnote |
E-Book-ProQuest / Fernzugriff nach Registrierung möglich |
| 505 0# - Fußnote zu strukturierten Inhaltsangaben |
| Fußnote zu strukturierten Inhaltsangaben |
Intro -- Front Cover -- Half-Title Page -- Title Page -- Copyright Page -- Contents -- Acknowledgements -- Note on Transliteration -- Introduction -- Part One. Theoretical Framings -- 1. Between Semiotics and Phenomenology: The Problem of Queer Beauty -- Part Two. Queer Beauty in Context -- 2. "In Appearance, Both a Lad and Lass": Images of Androgyny in Eighteenth-Century Russian Art -- 3. The Queer Opacity of Alexander Ivanov's Nudes: Between Biblical Themes and Greek Love -- 4. Prostitutes, Pierrots, and Priapus: The Queer Modernism of Konstantin Somov -- 5. Modernism as the Uncanny of Stalinism: On Alexander Deineka's Wartime Drawings -- 6. Carnivalesque Carnality: The Queer Potential of Sergei Eisenstein's Homoerotic Drawings -- 7. Moscow Conceptualism's Erotic Objects -- 8. Queering Socialist Realism: The Case of Georgy Guryanov -- 9. A Russian Schizorevolution? Observations on the New Academy of Fine Arts and Queer Issues in the Late 1980s and Early 1990s -- 10. The Lure of Implied Transgression as Revolutionary Retrospective: The Illicit as la Belleza in Bella Matveeva's Art -- 11. Sexual and Gender Dissent in a Bipolar World: Georgy Guryanov and Vladislav Mamyshev-Monroe -- 12. "My Nationaliti Is My Sexuality": The Post-Soviet, Diasporic, Non-Russian Queerness of Babi Badalov -- Part Three. Beyond Queer Beauty? Contemporary Post-Soviet Perspectives on Queer(ing) Art, Art History, and Artists -- 13. Architecture, Outer Space, Sex: The Kollontai Commune in 1970s Frunze -- 14. Soviet Union, July 1991 -- 15. LGBT Violence and the Limits of Realism: Polina Zaslavskaya's Material Evidence -- 16. The Battle over Names: Radical Queer on the Russian Activist Art Scene -- 17. Queer in the Land of the Bolsheviks, or the Archeology of Dissent -- 18. A Queer (Re)claiming of Russian and Soviet Art: An Interview with Slava Mogutin. |
| 505 8# - Fußnote zu strukturierten Inhaltsangaben |
| Fußnote zu strukturierten Inhaltsangaben |
19. "Queer and Russian Art?" A Conversation between Katharina Wiedlack and Masha Godovannaya -- 20. Queering Sexual Minorities: An Interview with Yevgeniy Fiks -- Back Cover. |
| 520 ## - Fußnote zu Zusammenfassungen usw. |
| Fußnote zur Zusammenfassung usw. |
Standing at the intersection of Visual Studies and Queer Studies, the volume Queer(ing) Russian Art: Realism, Revolution, Performance exposes and explores the queer imagery and sensibilities in works of visual art in pre-Soviet, Soviet and post-Soviet contexts and beneath the surface of conventional histories of Russian art. |
| 650 #7 - Nebeneintragung unter einem Schlagwort - Sachschlagwort |
| Quelle der Ansetzung oder des Terms |
gnd |
| Sachschlagwort oder geografischer Name als Eintragungselement |
Sexualität |
| 650 #7 - Nebeneintragung unter einem Schlagwort - Sachschlagwort |
| Quelle der Ansetzung oder des Terms |
gnd |
| Sachschlagwort oder geografischer Name als Eintragungselement |
Homosexualität |
| Koha-Normdatenidentnummer |
1221 |
| 650 #7 - Nebeneintragung unter einem Schlagwort - Sachschlagwort |
| Quelle der Ansetzung oder des Terms |
gnd |
| Sachschlagwort oder geografischer Name als Eintragungselement |
LGBT |
| Koha-Normdatenidentnummer |
8589 |
| 650 #7 - Nebeneintragung unter einem Schlagwort - Sachschlagwort |
| Quelle der Ansetzung oder des Terms |
gnd |
| Sachschlagwort oder geografischer Name als Eintragungselement |
Kunst |
| 651 ## - Nebeneintragung unter einem Schlagwort - Geografischer Name |
| Quelle der Ansetzung oder des Terms |
gnd |
| Geografischer Name |
Sowjetunion |
| 655 #4 - Indexierungsterm - Genre/Form |
| Genre/Form oder fokussierter Term |
|
| 655 ## - Indexierungsterm - Genre/Form |
| Genre/Form oder fokussierter Term |
Fernzugriff |
| Koha-Normdatenidentnummer |
230 |
| 700 1# - Nebeneintragung - Personenname |
| Personenname |
Baer, Brian James. |
| Funktionsbezeichnungscode |
edt |
| Funktionsbezeichnung |
editor |
| Koha-Normdatenidentnummer |
27580 |
| 700 1# - Nebeneintragung - Personenname |
| Personenname |
Fiks, Yevgeniy. |
| Funktionsbezeichnungscode |
edt |
| Funktionsbezeichnung |
editor |
| Koha-Normdatenidentnummer |
27581 |
| 856 40 - Elektronische Adresse und Zugriff |
| URL |
<a href="https://ebookcentral.proquest.com/lib/maxweberstiftung-ebooks/detail.action?docID=30703401">https://ebookcentral.proquest.com/lib/maxweberstiftung-ebooks/detail.action?docID=30703401</a> |
| OPAC-Notiz |
Volltext |
| 942 ## - Zusätzliche Felder (Koha) |
| Koha-Medientyp |
E-Books |
| Klassifikation oder Aufstellungssystematik |
Andere/Generische Klassifikation |